Statistics for Guess the Noah Kahan lyrics without hints

Click here to take the quiz!

General Stats

  • This quiz has been taken 52 times
    (50 since last reset)
  • The average score is 153 of 294

Answer Stats

Answer% Correct
I
100%
a
98%
The
89%
the
89%
you
87%
You
87%
me
78%
your
76%
do
73%
in
73%
No
71%
we
69%
And
67%
and
67%
it
67%
to
64%
is
60%
of
60%
my
58%
so
58%
they're
58%
for
56%
now
56%
Now
56%
on
56%
or
53%
their
53%
were
53%
don't
51%
Oh,
51%
this
51%
all
49%
but
49%
could
49%
down
49%
drunk
49%
If
49%
new
49%
got
47%
perspective
47%
that
44%
wind
44%
back
42%
callin'
42%
can't
42%
get
42%
I'd
42%
intersection
42%
a closet
40%
blows
40%
closet
40%
downtown
40%
record
40%
road
40%
Attention
38%
bags
38%
clothes
38%
dirt
38%
drift
38%
full
38%
gym
38%
kids
38%
kids,
38%
like
38%
makin'
38%
mine's
38%
nostalgic
38%
our
38%
out
38%
Paper
38%
rednecks
38%
shut
38%
silence
38%
Target
38%
town's
38%
wherever
38%
deficit
36%
feel
36%
just
36%
make
36%
Ooh,
36%
receipts
36%
apartment
33%
big,
33%
drag
33%
even
33%
Gave
33%
hard
33%
less
33%
Park
33%
sizes
33%
thing
33%
Two
33%
wish
33%
Wish
33%
word
33%
Central
31%
high
31%
Liberal
31%
Ohio
31%
somethin'
31%
stupid
31%
bird,
29%
crash
29%
doubt
29%
made
29%
probably
29%
pronounce
29%
shirt
29%
sings
29%
song
29%
fly,
27%
key
27%
learn
27%
state
27%
sure
27%

Score Distribution

Percentile by Number Answered

Percent of People with Each Score

Your Score History

You have not taken this quiz since the last reset